000 00315nam a22001337a 4500
008 181105b xxu||||| |||| 00| 0 eng d
020 _a9780205453757
041 _aeng
080 _23rd
_a371
100 _a46
101 _aEDU
245 _aTeaching Reading Comprehension Processes
_cIrwin,J.W
942 _2udc
_cBK
999 _c51837
_d51837